000 00298nam a22001217a 4500
008 231102b |||||||| |||| 00| 0 eng d
100 _aMoore, Franklin G.
_96258
245 _aManufacturing Management
250 _a4th ed.
260 _aBombay;
_bD.P.T.Pub.;
_c1965;
300 _a892p
942 _cBK
999 _c40332
_d40332